Europe Map Click Quiz in Latin - Statistics

General Stats
  • This quiz has been taken 93 times
  • The average score is 37 of 45
Answers on the Map
Answers color-coded by a green-red scale on the quiz's map according to % correct below.
 
Answer Stats
Answer % Correct
Portugal
92%
Finnia
91%
Italia
91%
Gallia
89%
Germania
89%
Hispaniae
89%
Islandia
89%
Regnum Unitum
89%
Albania
88%
Austria
88%
Belgium
88%
Dania
88%
Estonia
88%
Graecia
88%
Andorra
86%
Luxemburgum
86%
Norvegia
86%
Russia
86%
Bosnia et Herzegovina
85%
Bulgaria
85%
Malta
85%
Polonia
85%
Belarus
83%
Croatia
83%
Liechtenstein
83%
Moldaviae
83%
Nederlandia
83%
Romania
83%
Ucraina
83%
Civitas Vaticana
82%
Kosovo
82%
Lithuania
82%
Macedonia Septentrionalis
80%
Monaco
80%
Serbia
80%
Slovakia
80%
Latvijas
79%
San Marino
79%
Suecia
79%
Res publica Bohemica
77%
Slovenia
77%
Montenegro
74%
Hiberniae
71%
Unheria
68%
Helvetia
61%
No matching quizzes found
Score Distribution
Percent of People with Each Score
Percentile by Number Answered
Your Score History
You have not taken this quiz